000
00323 a2200133 4500
001
151630
040
_c
Escola São Tomás de Aquino
100
_a
BELINKY, Tatiana
240
1
0
_a
Vovô Majai e as lebres
_l
por
245
1
0
_a
Vovô Majai e as lebres
362
0
_a
2012
697
_a
*LITERATURA INFANTO JUVENIL
942
_c
BK
999
_c
151630
_d
151630